Nábožná pieseň k preblahoslavenej Panne Marii

Bibliographic Details
Format: Book
Language:Slovak
PhysicalDescription:8 s. 8°
Published: [S.l.] [s.n.] [po r. 1920]
Subjects:

MARC

LEADER 00000nam a2200000 a 4500
001 vtls008386784
003 SK-MaSNL
005 20260302074708.0
008 251124q1920 xo slo
015 |a SKSNBA19191938-007683 
035 |a SK01SNKBSKHR20010079001 
035 |a SKM000081464 
040 |a SNK  |b slo  |c SNK  |e AACR2 
041 0 |a slo 
044 |a xo  |c SK 
080 |a 245  |2 1981 
245 0 0 |a Nábožná pieseň k preblahoslavenej Panne Marii 
260 |a [S.l.]  |b [s.n.]  |c [po r. 1920]  |e Banská Bystrica  |f Slov. Grafia 
300 |a 8 s.  |c 8° 
500 |a Ilustr. ob. tit. 
650 0 7 |a duchovné piesne  |2 SNKPH  |9 1928 
655 7 |a spevníky  |2 SNKPH  |9 70506 
852 |a Slovenská národná knižnica v Martine  |b 10000  |h MS SD 16610/21 
958 |a ONDV 
958 |a RK 
958 |a TL 
999 |c 1166098  |d 1168028 
952 |a SNK  |b SNK  |y PREZ  |7 0  |p 17A0603681  |o snkSD 16610/21  |i snkK 416/81  |8 3  |0 0  |1 0  |4 0  |d 2008-11-14  |l 0  |r 2025-12-01 00:00:00  |w 2026-02-24